000 00586nam a22002177a 4500
003 UA-OsUOA
001 118753
007 ta
008 20160914b un ||||| |||| 00| 0 ukr d
100 _aЭшфорд Э.
090 _a32
_bЭ98
942 _cSA
040 _aUA-OsUOA
_brus
_cUA-OsUOA
_dUA-OsUOA
245 _aНе слишком действенные санкции: провал Запада в деле сдерживания России
300 _aС.202-216
955 _a0
041 _arus
080 _a32
773 0 _w118752
650 7 _a32 Політика
_2UDC
999 _c404859
_d404859